Scientific operation for development: Search for new directions (Record no. 34874)

MARC details
000 -LEADER
fixed length control field 00306nam a2200109Ia 4500
082 ## - DEWEY DECIMAL CLASSIFICATION NUMBER
Classification number 330.34:5
Item number LAV
245 #0 - TITLE STATEMENT
Title Scientific operation for development: Search for new directions
260 ## - PUBLICATION, DISTRIBUTION, ETC. (IMPRINT)
Place of publication New Delhi
Name of publisher Vikas
Year of publication 1980
700 ## - ADDED ENTRY--PERSONAL NAME
Personal name Lavakare, P J
942 ## - ADDED ENTRY ELEMENTS (KOHA)
Koha item type Books
Holdings
Withdrawn status Lost status Damaged status Not for loan Home library Current library Date acquired Cost, normal purchase price Full call number Accession Number Koha item type
        RRII Library RRII Library 16/12/2021 50.00 330.34:5 LAV 15301 Books